Behaviorální finance Implikace pro investory

Enregistré dans:
Détails bibliographiques
Auteur principal: Stupavský, Michal
Collectivité auteur: Vysoká škola ekonomická v Praze. Fakulta financí a účetnictví
Format: Livre
Langue:tchèque
Publié: Praha Nakladatelství PLOT 2016
Édition:1. vydání
Sujets:
Tags: Ajouter un tag
Pas de tags, Soyez le premier à ajouter un tag!

MARC

LEADER 00000nam a2200000 4500
001 0280141
005 20230118140128.9
020 |a 978-80-7428-291-1 
041 0 |a cze 
044 |a CZ 
245 1 0 |a Behaviorální finance  |b Implikace pro investory  |c Michal Stupavský 
250 |a 1. vydání 
264 1 |a Praha  |b Nakladatelství PLOT  |c 2016 
300 |a 77 s. 
610 2 0 |a financie behaviorálne 
610 2 0 |a investori 
610 2 0 |a teórie ekonomické 
610 2 0 |a riziko 
610 2 0 |a analýzy 
100 1 |a Stupavský, Michal 
710 2 |a Vysoká škola ekonomická v Praze. Fakulta financí a účetnictví